000 00504nam a2200157 i 4500
001 108156
003 ES-MaACL
005 20230906184606.0
007 t|
008 070125s1912 fr ||||1| fre d
100 1 _aMann, Fritz Karl.
_976045
245 1 0 _aJustification du système de law par son auteur
_b: manuscrit inédit, publié avec une introduction /
_cpar Fritz Karl Mann.
260 _a[Paris :
_bMarcel Rivière,
_c1912?]
300 _ap. 49-103 ;
_c24 cm.
852 _aES-MaACL
_jT-1435-F-5
999 _c108156
_d108156